000 00855 aa a2200229 4500
008 081020t xxu||||| |||| 00| 0 eng d
010 _aENG-84092
020 _a8176298824
020 _c650.00 (hb)
035 _aEN-67625
082 _a362.5
245 _aRural poverty alleviation and employment /
_cedited by S B Verma, Ram Dayal Singh and Shiw Kumar Jiloka
260 _aNew Delhi
_bDeep and Deep Publications
_eF-159, Rajouri Garden, New Delhi-110027
260 _c2006
300 _axvi,318p
_c22cm
500 _aIncludes index
700 _aJiloka, Shiw Kumar
_ced
700 _aSingh, Ram Dayal
_ced
700 _aVerma, S B
_ced
942 _2ddc
_cEN
_h362.5
_mRUR
999 _c17059
_d17059